Hollow Knight Hunter‘s Journal - Statistics

General Stats
  • This quiz has been taken 201 times
    199 since last reset
  • The average score is 66 of 168
Answer Stats
Normal % Correct
Hornet
78%
Vengefly
78%
False Knight
73%
Gruz Mother
72%
The Radiance
72%
Vengefly King
69%
Mantis Lords
67%
Pure Vessel
66%
Broken Vessel
64%
Tiktik
64%
Gorb
63%
Hollow Knight
63%
Uumuu
63%
Crawlid
61%
Soul Master
61%
Xero
61%
Brooding Mawlek
58%
Gruzzer
58%
No Eyes
58%
Oblobbles
58%
Primal Aspid
58%
Troupe Master Grimm
58%
Zote
58%
Elder Hu
57%
Galien
57%
Grey Prince Zote
57%
Marmu
57%
Traitor Lord
57%
Brothers Oro and Mato
55%
God Tamer
55%
Great Nailsage Sly
55%
Massive Moss Charger
55%
Shade
55%
Flukemarm
54%
Markoth
54%
Nightmare King Grimm
54%
Paintmaster Sheo
54%
Crystal Guardian
52%
Hive Knight
52%
Mantis Warrior
52%
Moss Charger
52%
Dung Defender
51%
Leaping Husk
51%
The Collector
51%
Mantis Traitor
49%
Sibling
48%
Soul Warrior
48%
Squit
48%
Watcher Knight
48%
Mosskin
46%
White Defender
46%
Mistake
45%
Wandering Husk
45%
Aspid Mother
43%
Baldur
43%
Grub Mimic
43%
Husk Guard
43%
Obble
43%
Aspid Hunter
42%
Goam
42%
Gorgeous Husk
42%
Husk Bully
42%
Husk Miner
42%
Husk Sentry
42%
Moss Knight
42%
Nosk
42%
Ooma
42%
Volatile Mosskin
42%
Aspid Hatchling
40%
Great Hopper
40%
Hopper
40%
Little Weaver
40%
Mantis Youth
40%
Maggot
39%
Uoma
39%
Volatile Gruzzer
39%
Elder Baldur
37%
Grimkin Novice
37%
Shielded Fool
37%
Shrumal Warrior
37%
Soul Twister
37%
Winged Sentry
37%
Flukemon
36%
Flukemunga
36%
Great Husk Sentry
36%
Lifeseed
36%
Seal of Binding
36%
Shrumal Ogre
36%
Void Tendrils
36%
Charged Lumafly
34%
Flukefey
34%
Grimkin Master
34%
Hunter‘s Mark
34%
Crystallised Husk
33%
Hive Guardian
33%
Hiveling
33%
Husk Hornhead
33%
Loodle
33%
Mawlurk
33%
Volatile Zoteling
33%
Belfly
31%
Folly
31%
Furious Vengefly
31%
Heavy Fool
31%
Lance Sentry
31%
Mossy Vagabond
31%
Pilflip
31%
Winged Fool
31%
Armoured Sprit
30%
Entombed Husk
30%
Fool Eater
30%
Grimkin Nightmare
30%
Mantis Petra
30%
Mossfly
30%
Death Loodle
28%
Garpede
28%
Heavy Sentry
28%
Shrumeling
28%
Weathered Mask
28%
Deepling
27%
Hive Soldier
27%
Husk Warrior
27%
Lesser Mawlek
27%
Menderbug
27%
Mosscreep
27%
Shadow Creeper
27%
Stalking Devout
27%
Winged Zoteling
27%
Battle Obble
25%
Corpse Creeper
25%
Cowardly Husk
25%
Crystal Hunter
25%
Deephunter
25%
Dirtcarver
25%
Duranda
25%
Durandoo
25%
Fungified Husk
25%
Gluttonous Husk
25%
Husk Dandy
25%
Husk Hive
25%
Kingsmould
25%
Maskfly
25%
Sharp Baldur
25%
Sturdy Fool
25%
Volt Twister
25%
Aluba
24%
Crystal Crawler
24%
Fungoon
24%
Hopping Zoteling
24%
Hwurmp
24%
Lightseed
24%
Pale Lurker
24%
Shardmite
24%
Carver Hatcher
22%
Glimback
22%
Slobbering Husk
22%
Void Idol
22%
Boofly
21%
Gulka
21%
Wingmould
21%
Ambloom
19%
Bluggsac
19%
Fungling
19%
Sporg
19%
Spiny Husk
18%
Violent Husk
16%
Royal Retainer
15%
Infected Ballon
13%
No matching quizzes found
Score Distribution
Percent of People with Each Score
Percentile by Number Answered
Your Score History
You have not taken this quiz since the last reset